[Event "Oberliga Ost B 2018 2019"]
[Site "?"]
[Date "2018.10.21"]
[Round "1.4"]
[White "Koller, Jens"]
[Black "Nazarenus, Moritz"]
[Result "0-1"]
[WhiteElo "2200"]
[BlackElo "2261"]
[PlyCount "52"]
[EventDate "2018.10.21"]
[EventType "team-tourn"]
[EventCountry "GER"]
[WhiteTeam "Neuberg SF"]
[BlackTeam "Schoeneck SF"]
[WhiteTeamCountry "GER"]
[BlackTeamCountry "GER"]

1. e4 c6 2. d4 d5 3. e5 Bf5 4. g4 Be4 5. f3 Bg6 6. Ne2 e6 7. Be3 Nd7 8. h4 h6
9. Nbc3 a6 10. Bg2 Ne7 11. f4 Qa5 12. O-O f5 13. exf6 Nxf6 14. Ng3 h5 15. f5
exf5 16. gxf5 Bf7 17. Qd2 O-O-O 18. Bf4 Neg8 19. Rad1 Nh6 20. a3 Rd7 21. b4 Qd8
22. Na4 Nfg4 23. Bg5 Qc7 24. Qd3 Bd6 25. Ne2 Re8 26. Nc5 Bxc5 0-1

[Event "Oberliga Ost B 2018 2019"]
[Site "?"]
[Date "2018.10.21"]
[Round "1.5"]
[White "Meyer, Kai Christian"]
[Black "Schaffer, Hendrik"]
[Result "1/2-1/2"]
[WhiteElo "2213"]
[BlackElo "2261"]
[PlyCount "99"]
[EventDate "2018.10.21"]
[EventType "team-tourn"]
[EventCountry "GER"]
[WhiteTeam "Schoeneck SF"]
[BlackTeam "Neuberg SF"]
[WhiteTeamCountry "GER"]
[BlackTeamCountry "GER"]

1. d4 g6 2. Nf3 Bg7 3. e4 d6 4. c3 Nf6 5. Bd3 O-O 6. O-O Nbd7 7. Re1 e5 8. Bg5
h6 9. Bh4 Qe8 10. Na3 a6 11. Nc2 Nh5 12. Ne3 Nf4 13. Bg3 Nh5 14. Qc2 Nxg3 15.
hxg3 c6 16. Rad1 b5 17. dxe5 dxe5 18. c4 Bb7 19. Qd2 Nc5 20. Bc2 Qe7 21. Qd6
Qxd6 22. Rxd6 Rfd8 23. Red1 Rxd6 24. Rxd6 b4 25. Kf1 Kf8 26. Ke2 Ke7 27. Rd1 a5
28. Ne1 Ne6 29. Ba4 Nc5 30. Bc2 h5 31. f3 Ne6 32. Nd3 c5 33. Ba4 Nd4+ 34. Kf2
Rc8 35. Rh1 Bc6 36. Bxc6 Rxc6 37. g4 hxg4 38. Nd5+ Kf8 39. fxg4 f6 40. Ke3 Ne6
41. g3 Ng5 42. Ne1 Kf7 43. Rh2 a4 44. Nf3 Nxf3 45. Kxf3 Ra6 46. Ke3 a3 47. b3
Rc6 48. Rh1 Ke6 49. Rh7 Kf7 50. Rh1 1/2-1/2

[Event "Oberliga Ost B 2018 2019"]
[Site "?"]
[Date "2018.10.21"]
[Round "1.6"]
[White "Sergin, Mark"]
[Black "Del Rio, Roland"]
[Result "1-0"]
[WhiteElo "2163"]
[BlackElo "2216"]
[PlyCount "69"]
[EventDate "2018.10.21"]
[EventType "team-tourn"]
[EventCountry "GER"]
[WhiteTeam "Neuberg SF"]
[BlackTeam "Schoeneck SF"]
[WhiteTeamCountry "GER"]
[BlackTeamCountry "GER"]

1. e4 c5 2. Nc3 Nc6 3. Bb5 Nd4 4. Bc4 d6 5. d3 Nf6 6. Nge2 Nxe2 7. Qxe2 a6 8.
a4 e5 9. a5 Be7 10. f4 exf4 11. Bxf4 O-O 12. h3 Be6 13. Bxe6 fxe6 14. O-O Nd7
15. Qg4 Rf6 16. Ne2 Rg6 17. Qf3 Bf6 18. Bxd6 Ne5 19. Bxe5 Bxe5 20. Qf7+ Kh8 21.
c3 Rb8 22. Rf3 Rf6 23. Rxf6 Qxf6 24. Rf1 Qxf7 25. Rxf7 Kg8 26. Re7 Bf6 27. Rxe6
Kf7 28. Rd6 Bd8 29. Rd7+ Kg8 30. Nf4 Bxa5 31. Nh5 g6 32. Nf6+ Kf8 33. Rxh7 Rd8
34. Nd5 b5 35. b4 1-0

[Event "Oberliga Ost B 2018 2019"]
[Site "?"]
[Date "2018.10.21"]
[Round "1.7"]
[White "Stockmann, Michael"]
[Black "Bethke, Richard"]
[Result "1-0"]
[WhiteElo "2224"]
[BlackElo "2212"]
[PlyCount "57"]
[EventDate "2018.10.21"]
[EventType "team-tourn"]
[EventCountry "GER"]
[WhiteTeam "Schoeneck SF"]
[BlackTeam "Neuberg SF"]
[WhiteTeamCountry "GER"]
[BlackTeamCountry "GER"]

1. d4 Nf6 2. Nf3 d5 3. c4 e6 4. g3 Bb4+ 5. Bd2 Bd6 6. Nc3 c6 7. b3 O-O 8. Bg2
Nbd7 9. O-O Bb4 10. Nxd5 exd5 11. Bxb4 Re8 12. cxd5 cxd5 13. e3 Qb6 14. Ba3 Qa5
15. Bb2 Ne4 16. Qe2 Ndf6 17. Ne5 b6 18. Rfc1 Ba6 19. Qd1 Nd6 20. Bf3 Nfe4 21.
Rc2 g6 22. Nc6 Qb5 23. Be2 Nc4 24. bxc4 Qxc6 25. cxd5 Qb7 26. Bf3 Qxd5 27. Bg2
Qg5 28. d5 Rad8 29. Qd4 1-0

[Event "Oberliga Ost B 2018 2019"]
[Site "?"]
[Date "2018.11.10"]
[Round "2.1"]
[White "Henrich, Thomas"]
[Black "Teske, Henrik"]
[Result "1/2-1/2"]
[WhiteElo "2207"]
[BlackElo "2485"]
[PlyCount "46"]
[EventDate "2018.10.21"]
[EventType "team-tourn"]
[EventCountry "GER"]
[WhiteTeam "Marburg SK"]
[BlackTeam "Erfurt SV Empor"]
[WhiteTeamCountry "GER"]
[BlackTeamCountry "GER"]

1. d4 Nf6 2. c4 g6 3. Nc3 d5 4. cxd5 Nxd5 5. e4 Nxc3 6. bxc3 Bg7 7. Nf3 O-O 8.
Be2 c5 9. O-O b6 10. Bg5 Bb7 11. Qd3 Qc7 12. Rac1 Nc6 13. Qe3 e6 14. Rfd1 Rfe8
15. Bh4 cxd4 16. cxd4 Rac8 17. Bg3 Qd8 18. Bh4 Qd6 19. Bg3 Qd8 20. Bh4 Qd6 21.
Bg3 Qf8 22. Bb5 Qb4 23. Rb1 Qa5 1/2-1/2

[Event "Oberliga Ost B 2018 2019"]
[Site "?"]
[Date "2018.11.10"]
[Round "2.2"]
[White "Urban, Lars"]
[Black "Dorst, Johannes"]
[Result "1/2-1/2"]
[WhiteElo "2183"]
[BlackElo "2211"]
[PlyCount "80"]
[EventDate "2018.10.21"]
[EventType "team-tourn"]
[EventCountry "GER"]
[WhiteTeam "Erfurt SV Empor"]
[BlackTeam "Marburg SK"]
[WhiteTeamCountry "GER"]
[BlackTeamCountry "GER"]

1. d4 Nf6 2. c4 c5 3. d5 b5 4. Qc2 e6 5. e4 bxc4 6. Bxc4 exd5 7. exd5 d6 8. Nc3
Be7 9. Nf3 O-O 10. O-O Nbd7 11. b3 Nb6 12. Re1 Nxc4 13. bxc4 Bg4 14. Qd3 Qd7
15. Bf4 Rfe8 16. Ng5 Bf5 17. Qf3 Rab8 18. Rac1 Rb2 19. h3 h6 20. Nge4 Nxe4 21.
Nxe4 Bh4 22. g3 Bxe4 23. Rxe4 Rxe4 24. Qxe4 Bf6 25. Rb1 g5 26. Rxb2 Bxb2 27.
Qb1 gxf4 28. Qxb2 Qxh3 29. Qb8+ Kh7 30. Qxa7 Qf5 31. gxf4 Qg4+ 32. Kf1 Qd1+ 33.
Kg2 Qg4+ 34. Kf1 Qd1+ 35. Kg2 Qg4+ 36. Kf1 Qxf4 37. Qa4 Qc1+ 38. Kg2 Qg5+ 39.
Kf1 Qc1+ 40. Kg2 Qg5+ 1/2-1/2

[Event "Oberliga Ost B 2018 2019"]
[Site "?"]
[Date "2018.11.10"]
[Round "2.3"]
[White "Alber, Horst"]
[Black "Weishaeutel, Moritz"]
[Result "1/2-1/2"]
[WhiteElo "2287"]
[BlackElo "2223"]
[PlyCount "66"]
[EventDate "2018.10.21"]
[EventType "team-tourn"]
[EventCountry "GER"]
[WhiteTeam "Marburg SK"]
[BlackTeam "Erfurt SV Empor"]
[WhiteTeamCountry "GER"]
[BlackTeamCountry "GER"]

1. d4 Nf6 2. c4 e6 3. g3 d5 4. Bg2 Be7 5. Nf3 O-O 6. O-O dxc4 7. Qc2 a6 8. Qxc4
b5 9. Qc2 Bb7 10. Bd2 Be4 11. Qc1 c6 12. Rd1 Nbd7 13. Nc3 Bg6 14. Bg5 Rc8 15.
Bxf6 Bxf6 16. Ne5 Bxe5 17. dxe5 Qe7 18. f4 Nc5 19. Qe3 b4 20. Nb1 Na4 21. Rd6
Rfd8 22. Rxd8+ Rxd8 23. Nd2 Nxb2 24. Rc1 c5 25. Qxc5 Qxc5+ 26. Rxc5 Na4 27. Ra5
Rxd2 28. Rxa6 h6 29. Rxa4 Rxe2 30. Rxb4 Rxa2 31. Bf3 Ra1+ 32. Kf2 Ra2+ 33. Kg1
Ra1+ 1/2-1/2

[Event "Oberliga Ost B 2018 2019"]
[Site "?"]
[Date "2018.11.10"]
[Round "2.4"]
[White "Michalowski, Peter"]
[Black "Rolle, Eric"]
[Result "0-1"]
[WhiteElo "2096"]
[BlackElo "2215"]
[PlyCount "102"]
[EventDate "2018.10.21"]
[EventType "team-tourn"]
[EventCountry "GER"]
[WhiteTeam "Erfurt SV Empor"]
[BlackTeam "Marburg SK"]
[WhiteTeamCountry "GER"]
[BlackTeamCountry "GER"]

1. e4 e5 2. Nf3 Nc6 3. d4 exd4 4. Nxd4 Nf6 5. Nc3 Bb4 6. Nxc6 bxc6 7. Bd3 d5 8.
exd5 cxd5 9. O-O O-O 10. h3 h6 11. Qf3 c6 12. Bf4 Bd6 13. Rfe1 Rb8 14. b3 Rb4
15. Ne2 Bxf4 16. Nxf4 Qd6 17. Nh5 Nxh5 18. Qxh5 Be6 19. Rad1 Rf4 20. Qe5 Qxe5
21. Rxe5 Rd8 22. g3 Rf6 23. Kg2 Kf8 24. f4 g6 25. Rf1 Bc8 26. Rfe1 Rfd6 27. f5
g5 28. g4 Bd7 29. h4 Re8 30. Rxe8+ Bxe8 31. hxg5 hxg5 32. Rh1 Kg7 33. Rh5 Kf6
34. Rh8 Ke7 35. Rg8 f6 36. Rh8 c5 37. Rh7+ Bf7 38. Kf3 a5 39. Ke3 a4 40. Bb5 a3
41. Rh8 Rd8 42. Rxd8 Kxd8 43. Kd3 Kc7 44. b4 Kd6 45. bxc5+ Kxc5 46. Ba4 d4 47.
Bb3 Be8 48. c3 Bb5+ 49. Kd2 dxc3+ 50. Kxc3 Be2 51. Bc2 Bxg4 0-1

[Event "Oberliga Ost B 2018 2019"]
[Site "?"]
[Date "2018.11.10"]
[Round "2.5"]
[White "Duncker, Joachim"]
[Black "Wiemers, Holger"]
[Result "1/2-1/2"]
[WhiteElo "2194"]
[BlackElo "2004"]
[PlyCount "133"]
[EventDate "2018.10.21"]
[EventType "team-tourn"]
[EventCountry "GER"]
[WhiteTeam "Marburg SK"]
[BlackTeam "Erfurt SV Empor"]
[WhiteTeamCountry "GER"]
[BlackTeamCountry "GER"]

1. e4 e5 2. Nf3 Nf6 3. Nc3 Nc6 4. d4 exd4 5. Nxd4 Bb4 6. Nxc6 bxc6 7. Bd3 d5 8.
exd5 cxd5 9. O-O O-O 10. h3 c6 11. Qf3 Re8 12. Rd1 Qc7 13. Bf4 Bd6 14. Bxd6
Qxd6 15. Ne2 Be6 16. Qg3 Qxg3 17. fxg3 Rab8 18. b3 Bf5 19. Nd4 Bxd3 20. cxd3 c5
21. Nf3 Re2 22. Rdc1 Nd7 23. d4 c4 24. Kf1 Rb2 25. bxc4 Nb6 26. Ne5 f6 27. c5
fxe5 28. cxb6 axb6 29. dxe5 Rf8+ 30. Kg1 Rff2 31. Rc8+ Kf7 32. Rf1 Rxf1+ 33.
Kxf1 Rxa2 34. Rc6 Rb2 35. Rd6 Rb5 36. Kf2 d4 37. Kf3 Rxe5 38. Rxb6 Rf5+ 39. Ke2
Ra5 40. Rd6 Ra2+ 41. Kf3 Ra3+ 42. Kf2 Ra2+ 43. Kg1 Ra1+ 44. Kh2 Rd1 45. Rd7+
Kf6 46. g4 h6 47. Kg3 Rd3+ 48. Kf2 Rd2+ 49. Kf3 Rd3+ 50. Ke2 Rg3 51. Kf2 Rd3
52. h4 Rd2+ 53. Kf1 Rd1+ 54. Ke2 Rg1 55. Kf2 Rd1 56. Rd6+ Kf7 57. h5 d3 58. Rg6
Ra1 59. Rd6 Ra2+ 60. Kg3 d2 61. Kf3 Ke7 62. Rd4 Kf6 63. Rd7 Ke6 64. Rd8 Kf6 65.
Rd7 Ke6 66. Rd8 Kf6 67. Rd7 1/2-1/2

[Event "Oberliga Ost B 2018 2019"]
[Site "?"]
[Date "2018.11.10"]
[Round "2.6"]
[White "Heinke, Jasper"]
[Black "Neidhardt, Helge"]
[Result "1-0"]
[WhiteElo "2001"]
[BlackElo "2108"]
[PlyCount "107"]
[EventDate "2018.10.21"]
[EventType "team-tourn"]
[EventCountry "GER"]
[WhiteTeam "Erfurt SV Empor"]
[BlackTeam "Marburg SK"]
[WhiteTeamCountry "GER"]
[BlackTeamCountry "GER"]

1. d4 Nf6 2. c4 e6 3. Nc3 Bb4 4. f3 c5 5. d5 d6 6. e4 O-O 7. Bd3 Nbd7 8. Nge2
Ne5 9. Bg5 exd5 10. exd5 Re8 11. O-O h6 12. Bh4 g5 13. Bf2 Nh5 14. Ne4 f5 15.
N4g3 Nxg3 16. Nxg3 Nxd3 17. Qxd3 Qf6 18. f4 Bd7 19. Kh1 Re7 20. a3 Ba5 21. b4
Bb6 22. bxc5 dxc5 23. a4 gxf4 24. Nh5 Qg5 25. Qf3 Re4 26. h4 Qe7 27. Nxf4 Bc7
28. Qg3+ Qg7 29. Qxg7+ Kxg7 30. Nd3 b6 31. a5 Rae8 32. axb6 Bxb6 33. Bxc5 Rxh4+
34. Kg1 Rxc4 35. Bxb6 axb6 36. Ra7 Re7 37. d6 Rf7 38. Ne5 Ra4 39. Rxa4 Bxa4 40.
Nxf7 Kxf7 41. Re1 Bc6 42. Re7+ Kf8 43. Kf2 h5 44. g3 b5 45. Ke3 b4 46. Kd4 Bb5
47. Rb7 Bc6 48. Rxb4 Ke8 49. Ke5 Kd7 50. Rd4 Be4 51. Ra4 Bd3 52. Ra7+ Kd8 53.
Ke6 Be4 54. Rh7 1-0

[Event "Oberliga Ost B 2018 2019"]
[Site "?"]
[Date "2018.11.10"]
[Round "2.7"]
[White "Nekhamkis, Genadi"]
[Black "Schmuck, Helmut"]
[Result "0-1"]
[WhiteElo "2136"]
[BlackElo "2100"]
[PlyCount "134"]
[EventDate "2018.10.21"]
[EventType "team-tourn"]
[EventCountry "GER"]
[WhiteTeam "Marburg SK"]
[BlackTeam "Erfurt SV Empor"]
[WhiteTeamCountry "GER"]
[BlackTeamCountry "GER"]

1. e4 c5 2. d4 cxd4 3. c3 Nf6 4. e5 Nd5 5. Nf3 e6 6. Bc4 Nb6 7. Bb3 Nc6 8. cxd4
d6 9. Qe2 dxe5 10. dxe5 Bb4+ 11. Nc3 Nd5 12. Bd2 Nxc3 13. bxc3 Bc5 14. O-O h6
15. Rad1 Qe7 16. Qe4 Bd7 17. Nd4 a6 18. Be3 O-O-O 19. Bc4 Kc7 20. Rb1 Rb8 21.
Rfd1 Rhd8 22. a4 Na5 23. Be2 Bxa4 24. Nxe6+ fxe6 25. Qxa4 Rxd1+ 26. Bxd1 Bxe3
27. Qxa5+ b6 28. Qxa6 Bc5 29. Bf3 Kd8 30. Qb5 Qc7 31. Re1 Ke7 32. Qb1 Kf8 33.
Qh7 Qf7 34. Rd1 Ke7 35. Qd3 Qe8 36. Bg4 Qf7 37. Qd7+ Kf8 38. Qxf7+ Kxf7 39.
Rd7+ Kg6 40. Bxe6 Rf8 41. Rd2 Re8 42. Bd5 Rxe5 43. Kf1 Kf6 44. g3 g5 45. c4 g4
46. Kg2 h5 47. Ra2 Rf5 48. f4 gxf3+ 49. Bxf3 Ke5 50. Rd2 Bd4 51. h4 Rf6 52.
Re2+ Kd6 53. Bxh5 Kc5 54. Rc2 Be3 55. Bf3 Kd4 56. Bd5 b5 57. Re2 b4 58. g4 b3
59. Rxe3 Kxe3 60. c5 b2 61. Ba2 Kf4 62. Kh3 Rc6 63. g5 Rxc5 64. g6 Rc3+ 65. Kh2
Rc6 66. h5 Kg5 67. g7 Rc8 0-1

[Event "Oberliga Ost B 2018 2019"]
[Site "?"]
[Date "2018.11.10"]
[Round "2.8"]
[White "Pichl, Michael"]
[Black "Lehmann, Stefan"]
[Result "1-0"]
[WhiteElo "2032"]
[BlackElo "2005"]
[PlyCount "55"]
[EventDate "2018.10.21"]
[EventType "team-tourn"]
[EventCountry "GER"]
[WhiteTeam "Erfurt SV Empor"]
[BlackTeam "Marburg SK"]
[WhiteTeamCountry "GER"]
[BlackTeamCountry "GER"]

1. g3 d5 2. Bg2 Nf6 3. Nf3 c5 4. O-O Nc6 5. d3 e6 6. Nbd2 Be7 7. e4 O-O 8. Re1
b5 9. e5 Nd7 10. Nf1 Qc7 11. Bf4 a5 12. h4 Re8 13. Ne3 Bb7 14. Nxd5 exd5 15. e6
Bd6 16. exf7+ Kxf7 17. Ng5+ Kg6 18. h5+ Kf5 19. Bh3+ Kf6 20. Qg4 Nd4 21. Nxh7+
Kf7 22. Qg6+ Kg8 23. Rxe8+ Rxe8 24. Qxe8+ Kxh7 25. Qg6+ Kg8 26. Bxd6 Qd8 27. h6
Qf6 28. Qxg7+ 1-0

[Event "Oberliga Ost B 2018 2019"]
[Site "?"]
[Date "2018.11.10"]
[Round "2.1"]
[White "Nguyen, Huy Dat"]
[Black "Kuznecovs, Nikita"]
[Result "0-1"]
[WhiteElo "2202"]
[BlackElo "2240"]
[PlyCount "86"]
[EventDate "2018.10.21"]
[EventType "team-tourn"]
[EventCountry "GER"]
[WhiteTeam "Erfurt SV Medizin"]
[BlackTeam "Stadtilm SG BW"]
[WhiteTeamCountry "GER"]
[BlackTeamCountry "GER"]

1. e4 e6 2. d3 d5 3. Nd2 c5 4. g3 Nc6 5. Bg2 Nf6 6. Ngf3 Be7 7. O-O O-O 8. Re1
Re8 9. e5 Nd7 10. Nf1 b5 11. h4 a5 12. N1h2 a4 13. a3 b4 14. Bf1 bxa3 15. bxa3
Nd4 16. Bh3 Rb8 17. Ra2 Nb5 18. Bd2 c4 19. Ng5 Bxg5 20. Bxg5 Qc7 21. Qa1 Qa5
22. Nf3 cxd3 23. cxd3 Nc5 24. Bd2 Qd8 25. Bg5 Qd7 26. Bf1 Nb3 27. Qb2 d4 28.
Bd2 Bb7 29. Ng5 h6 30. Ne4 Bxe4 31. dxe4 Rec8 32. Bxb5 Qxb5 33. Kg2 Rb6 34. Bf4
d3 35. Qb1 Rbc6 36. Rd2 Rc2 37. Red1 Qc5 38. Rxd3 Qxf2+ 39. Kh3 h5 40. Rd8+ Kh7
41. R1d2 Nxd2 42. Rxc8 Nxb1 43. Bd2 Qf1+ 0-1

[Event "Oberliga Ost B 2018 2019"]
[Site "?"]
[Date "2018.11.10"]
[Round "2.2"]
[White "Siebarth, Raiko"]
[Black "Juhasz, Barbara"]
[Result "1-0"]
[WhiteElo "2252"]
[BlackElo "2214"]
[PlyCount "65"]
[EventDate "2018.10.21"]
[EventType "team-tourn"]
[EventCountry "GER"]
[WhiteTeam "Stadtilm SG BW"]
[BlackTeam "Erfurt SV Medizin"]
[WhiteTeamCountry "GER"]
[BlackTeamCountry "GER"]

1. e4 c5 2. Nf3 e6 3. d4 cxd4 4. Nxd4 Nc6 5. Nxc6 bxc6 6. Bd3 d5 7. O-O Nf6 8.
Qe2 Be7 9. Nd2 Qc7 10. b3 Rb8 11. Bb2 c5 12. exd5 Nxd5 13. Be5 Bd6 14. Bxd6
Qxd6 15. Ne4 Qc7 16. Bb5+ Kf8 17. a4 Bb7 18. Rfe1 Nf4 19. Qc4 Bxe4 20. Qxe4 Nd5
21. Bc4 Nf6 22. Qe3 Rd8 23. h3 Ke7 24. Re2 Rd4 25. Qg5 Qd6 26. Rae1 Kf8 27. Qc1
Nd7 28. c3 Rh4 29. Bxe6 fxe6 30. Rxe6 Qb8 31. Qg5 Rh6 32. Qe7+ Kg8 33. Qxd7 1-0

[Event "Oberliga Ost B 2018 2019"]
[Site "?"]
[Date "2018.11.10"]
[Round "2.3"]
[White "Wehner, Janis"]
[Black "Schneider, Christian"]
[Result "1/2-1/2"]
[WhiteElo "2165"]
[BlackElo "2204"]
[PlyCount "34"]
[EventDate "2018.10.21"]
[EventType "team-tourn"]
[EventCountry "GER"]
[WhiteTeam "Erfurt SV Medizin"]
[BlackTeam "Stadtilm SG BW"]
[WhiteTeamCountry "GER"]
[BlackTeamCountry "GER"]

1. e4 c5 2. Nf3 d6 3. Bb5+ Nd7 4. O-O a6 5. Bd3 Ngf6 6. c3 b5 7. Bc2 Bb7 8. Re1
Qc7 9. d3 e5 10. Nbd2 Be7 11. Nf1 O-O 12. Ng3 Rfc8 13. a4 Bf8 14. axb5 axb5 15.
Rxa8 Bxa8 16. d4 cxd4 17. cxd4 h6 1/2-1/2

[Event "Oberliga Ost B 2018 2019"]
[Site "?"]
[Date "2018.11.10"]
[Round "2.4"]
[White "Siebarth, Marco"]
[Black "Jakob, Matthias"]
[Result "1/2-1/2"]
[WhiteElo "1989"]
[BlackElo "2099"]
[PlyCount "81"]
[EventDate "2018.10.21"]
[EventType "team-tourn"]
[EventCountry "GER"]
[WhiteTeam "Stadtilm SG BW"]
[BlackTeam "Erfurt SV Medizin"]
[WhiteTeamCountry "GER"]
[BlackTeamCountry "GER"]

1. e4 Nc6 2. Nf3 d6 3. d4 Nf6 4. Nc3 g6 5. h3 Bg7 6. Be3 O-O 7. Qd2 a6 8. a4 e5
9. dxe5 dxe5 10. Qxd8 Rxd8 11. Bc4 h6 12. Rd1 Be6 13. Bxe6 fxe6 14. O-O g5 15.
Bc5 Nd7 16. Ba3 Nf6 17. b3 Nd4 18. Be7 Rd7 19. Bxf6 Bxf6 20. Nxd4 exd4 21. Ne2
Rad8 22. Rd3 b5 23. axb5 axb5 24. b4 Be7 25. Rfd1 e5 26. c3 c5 27. bxc5 Bxc5
28. Kf1 b4 29. cxb4 Bxb4 30. Ng3 Rc7 31. Nf5 Bf8 32. Ne3 Ra8 33. Nd5 Rc2 34.
R1d2 Raa2 35. Ke2 Kf7 36. Rxc2 Rxc2+ 37. Rd2 Rxd2+ 38. Kxd2 Bd6 39. Kd3 h5 40.
g4 hxg4 41. hxg4 1/2-1/2

[Event "Oberliga Ost B 2018 2019"]
[Site "?"]
[Date "2018.11.10"]
[Round "2.6"]
[White "Neubauer, Andreas"]
[Black "Mueller Ludwig, Kristin"]
[Result "1-0"]
[WhiteElo "2170"]
[BlackElo "2007"]
[PlyCount "59"]
[EventDate "2018.10.21"]
[EventType "team-tourn"]
[EventCountry "GER"]
[WhiteTeam "Stadtilm SG BW"]
[BlackTeam "Erfurt SV Medizin"]
[WhiteTeamCountry "GER"]
[BlackTeamCountry "GER"]

1. c4 g6 2. Nf3 Bg7 3. g3 d6 4. Bg2 Nf6 5. O-O O-O 6. Nc3 e5 7. d4 Nbd7 8. b3
Re8 9. e4 exd4 10. Nxd4 Nc5 11. f3 a6 12. Bb2 Rb8 13. Qd2 Bd7 14. Rae1 b5 15.
cxb5 axb5 16. b4 Ne6 17. Nc2 c5 18. Rd1 Rb6 19. f4 Nd4 20. bxc5 dxc5 21. e5 b4
22. Nxd4 bxc3 23. Bxc3 cxd4 24. Qxd4 Qc7 25. Ba5 Reb8 26. Bxb6 Rxb6 27. exf6
Bxf6 28. Qxd7 Qc5+ 29. Kh1 Rb2 30. Rd2 1-0

[Event "Oberliga Ost B 2018 2019"]
[Site "?"]
[Date "2018.11.10"]
[Round "2.7"]
[White "Nguyen, Ha Thanh"]
[Black "Dittrich, Tom"]
[Result "1/2-1/2"]
[WhiteElo "1887"]
[BlackElo "1898"]
[PlyCount "83"]
[EventDate "2018.10.21"]
[EventType "team-tourn"]
[EventCountry "GER"]
[WhiteTeam "Erfurt SV Medizin"]
[BlackTeam "Stadtilm SG BW"]
[WhiteTeamCountry "GER"]
[BlackTeamCountry "GER"]

1. e4 c5 2. Nf3 d6 3. d4 cxd4 4. Nxd4 Nf6 5. Nc3 a6 6. Be2 e5 7. Nb3 Be7 8. Be3
O-O 9. O-O Qc7 10. a4 b6 11. f3 Bb7 12. Kh1 Nbd7 13. Qd2 Rfd8 14. Rfd1 h6 15.
Qe1 Nc5 16. Nxc5 bxc5 17. Bc4 Bc6 18. Nd5 Bxd5 19. Bxd5 Nxd5 20. Rxd5 Rab8 21.
b3 c4 22. b4 c3 23. b5 axb5 24. axb5 Bg5 25. Bf2 Qc4 26. b6 Bd2 27. Qd1 f5 28.
Qf1 Qxf1+ 29. Rxf1 fxe4 30. fxe4 Rf8 31. Kg1 Rf4 32. g3 Rxe4 33. Rxd6 Be3 34.
Rb1 Bxf2+ 35. Kxf2 Rc4 36. Re6 Rd4 37. Rxe5 Kf7 38. Re3 Rd2+ 39. Re2 Rd6 40.
Rb3 Rbxb6 41. Rxc3 Rb1 42. Rf3+ 1/2-1/2

[Event "Oberliga Ost B 2018 2019"]
[Site "?"]
[Date "2018.11.10"]
[Round "2.8"]
[White "Wolf, Philipp"]
[Black "Grund, Sebastian"]
[Result "1/2-1/2"]
[WhiteElo "1922"]
[BlackElo "2037"]
[PlyCount "81"]
[EventDate "2018.10.21"]
[EventType "team-tourn"]
[EventCountry "GER"]
[WhiteTeam "Stadtilm SG BW"]
[BlackTeam "Erfurt SV Medizin"]
[WhiteTeamCountry "GER"]
[BlackTeamCountry "GER"]

1. e4 c5 2. Nf3 Nc6 3. d4 cxd4 4. Nxd4 g6 5. c4 Bg7 6. Be3 Nf6 7. Nc3 O-O 8.
Be2 d6 9. O-O Bd7 10. f3 Nxd4 11. Bxd4 a5 12. a3 a4 13. c5 e5 14. Be3 dxc5 15.
Bxc5 Re8 16. Rc1 Qa5 17. Be3 Red8 18. Qe1 Rac8 19. Qf2 Rc6 20. Rcd1 Rb8 21. Nd5
Nxd5 22. Rxd5 Qc7 23. Bb5 Rd6 24. Rc1 Bc6 25. Bxa4 Qd7 26. Bxc6 bxc6 27. Rxd6
Qxd6 28. Bc5 Qd3 29. Qc2 Qb5 30. b4 Bh6 31. Rd1 Qa6 32. a4 Bf8 33. Bxf8 Rxf8
34. a5 Rb8 35. Qc5 Qe2 36. Rb1 Qd3 37. Rb2 Rb5 38. Qf2 c5 39. h3 cxb4 40. a6
Ra5 41. Rxb4 1/2-1/2

[Event "Oberliga Ost B 2018 2019"]
[Site "?"]
[Date "2018.11.10"]
[Round "2.1"]
[White "Braun, Vitali"]
[Black "Zimmermann, Hendrik"]
[Result "0-1"]
[WhiteElo "2385"]
[BlackElo "2204"]
[PlyCount "188"]
[EventDate "2018.10.21"]
[EventType "team-tourn"]
[EventCountry "GER"]
[WhiteTeam "Griesheim SV II"]
[BlackTeam "Frankfurt SC Koenig Nied"]
[WhiteTeamCountry "GER"]
[BlackTeamCountry "GER"]

1. d4 f5 2. Bg5 h6 3. Bh4 g5 4. Bg3 Bg7 5. e3 d6 6. Qh5+ Kf8 7. Bc4 e6 8. Nc3
Nf6 9. Qe2 Nc6 10. O-O-O Qe7 11. h4 Nd8 12. f3 Nf7 13. e4 f4 14. Bf2 e5 15. Qd2
c6 16. Nge2 b5 17. Bb3 a5 18. a3 Rb8 19. g3 g4 20. gxf4 gxf3 21. Ng3 Ng4 22.
dxe5 dxe5 23. Nh5 a4 24. Bxf7 Kxf7 25. Nxg7 Kxg7 26. fxe5 b4 27. Nb1 Be6 28.
Rhg1 h5 29. Qd6 Qf7 30. axb4 Kh7 31. Bc5 Qf4+ 32. Nd2 Rhe8 33. Kb1 f2 34. Rgf1
Rbd8 35. Qxc6 Rxd2 36. Rxd2 Qxd2 37. Bxf2 Qe2 38. Rc1 Qc4 39. Qxc4 Bxc4 40. Bg3
Nxe5 41. b3 axb3 42. cxb3 Bd3+ 43. Kb2 Bxe4 44. Rc7+ Kg6 45. b5 Re6 46. Kc3 Nf3
47. Kc4 Nd2+ 48. Kc3 Nf3 49. Kc4 Kf5 50. Bf2 Ne5+ 51. Kc3 Nd3 52. Be3 Ne5 53.
Rg7 Ng6 54. b6 Re7 55. Rxe7 Nxe7 56. Kc4 Ke6 57. Bg5 Nf5 58. Kc5 Bb7 59. Bd8
Ne7 60. Bc7 Kd7 61. Bg3 Nf5 62. Bf2 Be4 63. Kb5 Nd6+ 64. Kc5 Nb7+ 65. Kd4 Bc2
66. Kc3 Bd1 67. Bg1 Kc6 68. Kb4 Be2 69. Bf2 Ba6 70. Bg1 Nd6 71. Ka5 Bd3 72. Bf2
Bc2 73. Bg3 Nb7+ 74. Ka6 Bxb3 75. Ka7 Bd5 76. Bc7 Kd7 77. Kb8 Bf3 78. Bh2 Ke6
79. Kc7 Kf5 80. Bg3 Nc5 81. Bf2 Nd3 82. Bd4 Nf4 83. Bf2 Kg4 84. b7 Bxb7 85.
Kxb7 Nd3 86. Bg1 Kxh4 87. Bh2 Kh3 88. Bd6 Kg4 89. Kc6 h4 90. Kd5 Kf3 91. Bh2 h3
92. Kd4 Nf2 93. Bc7 Ne4 94. Bh2 Kg2 0-1

[Event "Oberliga Ost B 2018 2019"]
[Site "?"]
[Date "2018.11.10"]
[Round "2.2"]
[White "Wege, Jochen"]
[Black "Nothnagel, Holger"]
[Result "0-1"]
[WhiteElo "2288"]
[BlackElo "2305"]
[PlyCount "98"]
[EventDate "2018.10.21"]
[EventType "team-tourn"]
[EventCountry "GER"]
[WhiteTeam "Frankfurt SC Koenig Nied"]
[BlackTeam "Griesheim SV II"]
[WhiteTeamCountry "GER"]
[BlackTeamCountry "GER"]

1. e4 e6 2. d4 d5 3. Nc3 Bb4 4. e5 c5 5. a3 Bxc3+ 6. bxc3 Ne7 7. h4 Qc7 8. Nf3
b6 9. h5 h6 10. a4 Ba6 11. Bb5+ Bxb5 12. axb5 a5 13. bxa6 Rxa6 14. Rxa6 Nxa6
15. Qd3 Nb8 16. O-O Nd7 17. Re1 O-O 18. g4 Rc8 19. g5 hxg5 20. Nxg5 Nf5 21.
dxc5 Nxc5 22. Qf3 Ne4 23. Nxe4 dxe4 24. Rxe4 Qxc3 25. Be3 Qxc2 26. h6 Nxe3 27.
Rxe3 Qg6+ 28. Kf1 Rc1+ 29. Re1 Rxe1+ 30. Kxe1 Qb1+ 31. Ke2 Qb2+ 32. Kf1 Qxe5
33. h7+ Kxh7 34. Qxf7 b5 35. Qe7 Qf6 36. Qe8 Qf5 37. Qe7 Qe4 38. Qe8 Qc4+ 39.
Ke1 Qe4+ 40. Kf1 Qc4+ 41. Ke1 Qc3+ 42. Ke2 Qe5+ 43. Kd3 b4 44. Qe7 Qc3+ 45. Ke4
Qc4+ 46. Kf3 b3 47. Kg3 b2 48. f4 Qd3+ 49. Kf2 b1=Q 0-1